| 000 | 00525nam a2200157 a 4500 | ||
|---|---|---|---|
| 008 | 081120s2007 ||||||||||||||||| || u | ||
| 020 | _a9780747240808 | ||
| 050 | _aPR 6053 .O9676 T35 | ||
| 100 | _aCox, Josephine | ||
| 245 | 1 | 0 | _aTake this woman |
| 260 |
_aLondon _bHeadline Publishing _c2007 |
||
| 300 | _a594p. | ||
| 350 | _a0.00 | ||
| 650 | _aENGLISH LANGUAGE | ||
| 995 |
_D65000.00 _FCBU-MAIN LIBRARY (Kitwe) _H1 _I0.00 _M1 _UAVAILABLE _WNov 25, 2008 _ZFiction Collection |
||
| 999 |
_c59349 _d59349 |
||